| 000 | 01116nam a22002417a 4500 | ||
|---|---|---|---|
| 003 | OSt | ||
| 005 | 20180116192410.0 | ||
| 008 | 120719t 2009xxu||||| |||| 00| 0 eng d | ||
| 020 | _a9782940373918 | ||
| 020 | _a2940373914 | ||
| 040 | _c0 | ||
| 082 | _a712 | ||
| 100 | 1 |
_aWaterman, Tim. _95687 |
|
| 245 | 1 | 4 |
_aThe fundamentals of landscape architecture / _cTim Waterman. |
| 260 |
_aLondon : _bAva Publishing, _c2009. |
||
| 300 |
_a200 p. : _bill ; _c22 cm. |
||
| 490 | _aAva Academia series | ||
| 520 | _a"The Fundamentals of Landscape Architecture" provides an introduction to the key elements of this broad field. It serves as a guide to the many specialisations complimentary to landscape architecture, such as landscape management and planning, and urban design. This book explains the process of designing for sites, including historical precedent, evolving philosophies, and how a project moves from concept to design to realisation. | ||
| 650 |
_aLandscape architecture _95688 |
||
| 650 |
_aRepresentation _95689 |
||
| 942 |
_2ddc _cBK |
||
| 999 |
_c353511 _d353511 |
||